00314nam a2200121Ia 450000500170000000800410001710000220005824500550008025000120013526000290014730000080017665000080018420260416154120.0191201s2011 xx 000 0 und d aHENDERSON,Richard 0aCompensation Management in a Knowledge based World a6th IMP c2011bpearsonaNew Delhi a550 aMBA